عرض عادي
عرض مارك
- Infertility, Male
مدخل مصطلح موضوعي
001 - رقم الضبط
- حقل الضبط: 39971
003 - معرف رقم الضبط
- حقل الضبط: OSt
005 - تاريخ ووقت أخر عملية
- حقل الضبط: 20131116161937.0
008 - عناصر بيانات ثابتة الطول
- حقل تحكم ثابت الطول: 131116|||a|||||| | ||| d
040 ## - مصدر الفهرسة
- هيئة الفهرسة الأصلية: OSt
- وكالة الكتابة: OSt
150 ## - مدخل-- مصطلح تاريخي
- عنصر مدخل المصطلح الموضوعي او الاسم الجغرافي: Infertility, Male
- تفريع عام: Immunological aspects.
670 ## - بيانات المصدر موجوده
- الاستشهاد بالمصدر: Work cat.: (OSt)0: Dimitriadis, Fotios. 39970, Essentials of Polymorphonuclear neutrophils and their roles in male infertility :, 2010.
